| 000 | 00493nam a22001697a 4500 | ||
|---|---|---|---|
| 005 | 20251108165032.0 | ||
| 008 | 250721s1968 xx 000 0 ara d | ||
| 082 | 1 | 4 | _a928/منذ |
| 100 | 1 | _aمعروف، بشار عواد | |
| 245 | 1 | 0 | _aالمنذري و كتابه التكمله لوفيات النقله / |
| 264 | 1 |
_aالنجف : _bمطبعة الآداب، _c1968. |
|
| 300 | _a384ص | ||
| 650 | 1 | 7 | _aالتراجم |
| 650 | 1 | 7 | _aالأدباء |
| 942 |
_2ddc _cBK |
||
| 999 |
_c20526 _d20526 |
||